Studies on reuse/recycling of plastic wastes (Record no. 873819)

MARC details
000 -LEADER
fixed length control field 00959nam a2200253Ia 4500
003 - CONTROL NUMBER IDENTIFIER
control field OSt
005 - DATE AND TIME OF LATEST TRANSACTION
control field 20220930082731.0
008 - FIXED-LENGTH DATA ELEMENTS--GENERAL INFORMATION
fixed length control field 220926b |||||||| |||| 00| 0 eng d
037 ## - SOURCE OF ACQUISITION
Terms of availability Theses
040 ## - CATALOGING SOURCE
Original cataloging agency CRL
Transcribing agency CRL
Language of cataloging eng
041 ## - LANGUAGE CODE
Source of code eng
Language code of text/sound track or separate title eng
100 ## - MAIN ENTRY--PERSONAL NAME
Personal name Sharma Monica
9 (RLIN) 299261
110 ## - MAIN ENTRY--CORPORATE NAME
Corporate name or jurisdiction name as entry element University of Delhi. Faculty of Engineering and Technology. Department of Polymer Technology and Applied Chemistry
9 (RLIN) 532434
245 #0 - TITLE STATEMENT
Title Studies on reuse/recycling of plastic wastes
Remainder of title Studies on the synthesis, characterisation and application of terephthalamides from pet waste
260 ## - PUBLICATION, DISTRIBUTION, ETC.
Date of publication, distribution, etc. 1999
650 ## - SUBJECT ADDED ENTRY--TOPICAL TERM
Topical term or geographic name entry element POLYMERS
9 (RLIN) 440819
700 ## - ADDED ENTRY--PERSONAL NAME
Personal name Dr R K Soni Gu.
9 (RLIN) 532435
700 ## - ADDED ENTRY--PERSONAL NAME
Personal name University of Delhi. Faculty of Engineering and Technology. Department of Polymer Technology and Applied Chemistry
9 (RLIN) 532436
942 ## - ADDED ENTRY ELEMENTS (KOHA)
Koha item type Dissertations
Source of classification or shelving scheme Colon Classification (CC)

No items available.

Copyright @ Delhi University Library System